Football - Tous les Ballons d'Or en Images - Statistiques

Statistiques générales
  • Ce quiz a été pris 434 fois
    318 depuis la dernière actualisation
  • Le résultat moyen est 26 sur 46
Statistiques - réponses
Par images Réponse % Correct
Ronaldinho
98%
Lionel Messi
96%
Rodri
96%
Michel Platini
95%
Ruud Gullit
92%
Zinédine Zidane
89%
Luka Modric
87%
Cristiano Ronaldo
86%
Karim Benzema
86%
Ronaldo Nazario
85%
Kaka
82%
Johan Cruyff
81%
Franz Beckenbauer
80%
Jean-Pierre Papin
80%
Rivaldo
80%
Eusébio
78%
George Weah
78%
Luis Figo
78%
Pavel Nedved
78%
Marco Van Basten
75%
Michael Owen
73%
Fabio Cannavaro
70%
Roberto Baggio
69%
George Best
68%
Lev Yachine
63%
Gerd Müller
60%
Bobby Charlton
59%
Andriy Shevchenko
56%
Alfredo Di Stefano
52%
Lothar Matthaus
44%
Mathias Sammer
34%
Raymond Kopa
25%
Hristo Stoitchkov
24%
Karl-Heinz Rummenigge
18%
Luis Suarez
18%
Paolo Rossi
14%
Stanley Matthews
14%
Denis Law
13%
Kevin Keegan
13%
Oleg Blokhine
13%
Florian Albert
12%
Gianni Rivera
12%
Igor Belanov
12%
Josef Masopust
12%
Omar Sivori
11%
Allan Simonsen
10%
Aucun quiz correspondant
Distribution des résultats
% des personnes avec chaque résultat
Percentile par nombre de réponses
Votre historique - résultats
Vous n’avez pas pris ce quiz depuis la dernière actualisation